000 00284nam a2200097Ia 4500
008 220204s9999 xx 000 0 und d
082 _a65(540:676.2)
_bIND
245 0 _aHints to Indian businessmen visiting Kenya
260 _aNew Delhi
_bDirectorate of commercial publicity
942 _cBK
999 _c22231
_d22231